De 18e eeuw - Statistieken

Algemene statistieken
  • Deze quiz is 27 keer genomen
  • De gemiddelde score is 8 van 20
Antwoordstatistieken
Jaar Beschrijving Antwoord % Correct
1789 Opstandelingen bestormen deze beruchte gevangenis in Parijs en startten hiermee de Franse Revolutie Bastille
86%
1791 Deze Oostenrijkse componist overlijdt op 35-jarige leeftijf aan koorts Wolfgang Amadeus Mozart
86%
1776 Dit land verklaard zijn onafhankelijkheid van het VK Verenigde Staten
73%
1793 Deze koningin wordt onthoofd door de Guillotine Marie Antoinette
68%
1764 Deze revolutie begon in Engeland en verspreidde zich nadien over de rest van de wereld Industriële Revolutie
59%
1701 Dit "strijdlustig" Germaans koninkrijk wordt gesticht door Frederick I Pruisen
55%
1795 De Britse Marine ontdekt dat het drinken van citroensap deze ziekte voorkomt Scheurbuik
55%
1703 Peter de Grote vestigt de Russische hoofdstad in deze stad aan de Finse Golf Sint-Petersburg
55%
1796 Edward Jenner vind een vaccin voor deze ziekte Pokken
45%
1799 Franse troepen ontdekken deze relikwie die ons helpt op Egyptische hiërogliefen te vertalen Steen van {Rosetta}
45%
1783 De gebroeders Montgolfier vinden deze "vliegmachine" uit Heteluchtballon
36%
1776 Adam Smith schrijft zijn eerste boek over dit onderwerp Economie
32%
1718 Deze piraat, geboren als Edward Teach, wordt gedood dood de Royal Navy Zwartbaard
32%
1719 Daniel Dafoe schrijft dit boek dat wordt omschreven als de eerste Engelstalige roman Robinson Crusoe
27%
1759 Deze "verlichtte" Fransman publiceerd "Candide" Voltaire
27%
1778 Deze ontdekkingsreiziger ontdekt Hawaii James Cook
23%
1717 De eerste Grand Lodge van dit religieus genootschap in Londen word gevormd Vrijmetselarij
18%
1732 Deze drukker uit Philadelphia brengt zijn beroemde kalender voor het eerst uit Benjamin Franklin
9%
1756-1763 Het VK, Frnakrijk, Oostenrijk en enkele ander landen vechten deze "Kleine Wereldoorlog" uit {Zevenjarige} Oorlog
9%
1788 Deze Schotste dichter schrijft "Auld Lang Syne" Robert Burns
5%
Geen overeenkomende quizzen gevonden
Scoreverdeling
Procent van Mensen met Elke Score
Percentiel versus Aantal Correcte Antwoorden
Uw Scoregeschiedenis
U heeft deze quiz nog niet genomen